Numeracy skills of grade 7 students in University of Rizal System / (Record no. 73208)

MARC details
000 -LEADER
fixed length control field 01475nam a22002777i 4500
050 14 - LIBRARY OF CONGRESS CALL NUMBER
Classification number QA 141
Item number G133 2014
003 - CONTROL NUMBER IDENTIFIER
control field URS
005 - DATE AND TIME OF LATEST TRANSACTION
control field 20240412231316.0
008 - FIXED-LENGTH DATA ELEMENTS--GENERAL INFORMATION
fixed length control field 180201b xxu||||| |||| 00| 0 eng d
100 1# - MAIN ENTRY--PERSONAL NAME
Personal name Galicia, Percival Dela Rama Jr,
Relator term author
260 #1 - PUBLICATION, DISTRIBUTION, ETC.
Date of publication, distribution, etc. 2014.
245 10 - TITLE STATEMENT
Title Numeracy skills of grade 7 students in University of Rizal System /
Statement of responsibility, etc. Percival Dela Rama Galicia Jr.
300 ## - PHYSICAL DESCRIPTION
Extent xiii, 53 leaves :
Other physical details illustrations (some colour) ;
Dimensions 28 cm
336 ## - CONTENT TYPE
Source rdacontent
Content type term text
337 ## - MEDIA TYPE
Source rdamedia
Media type term unmediated
338 ## - CARRIER TYPE
Source rdacarrier
Carrier type term volume
502 ## - DISSERTATION NOTE
Dissertation note Thesis
Degree type Bachelor of Secondary Education
Name of granting institution University of Rizal System
Year degree granted 2014
504 ## - BIBLIOGRAPHY, ETC. NOTE
Bibliography, etc. note Includes bibliographical references.
520 ## - SUMMARY, ETC.
Summary, etc. This undergraduate thesis was undertaken to identify the numeracy skills of the grade 7 students at the University of Rizal System. The study employed the descriptive method and documentary analysis utilizing the math area in the admission test taken by the grade 7 students where their numeracy skills were based before the school year of 2012-2013 begins and their final grades in mathematics subject to see if there was an improvement.
610 10 - SUBJECT ADDED ENTRY--CORPORATE NAME
Corporate name or jurisdiction name as entry element University of Rizal System
Subordinate unit Tanay Campus
General subdivision Students
650 #0 - SUBJECT ADDED ENTRY--TOPICAL TERM
Topical term or geographic name entry element Numeracy
700 1# - ADDED ENTRY--PERSONAL NAME
Personal name Laguisma, Venus Joy Mallo
Relator term author
700 1# - ADDED ENTRY--PERSONAL NAME
Personal name Paradero, Marcela C.
Relator term degree supervisor
856 ## - ELECTRONIC LOCATION AND ACCESS
Materials specified Online Request for Student Unpublished Works
Uniform Resource Identifier <a href="https://forms.gle/7LqvGGkaDrUQqz429">https://forms.gle/7LqvGGkaDrUQqz429</a>
942 ## - ADDED ENTRY ELEMENTS (KOHA)
Source of classification or shelving scheme Library of Congress Classification
Koha item type Theses and dissertations

No items available.

University of Rizal System
Email us at univlibservices@urs.edu.ph

Visit our Website www.urs.edu.ph/library